[Event "Ciutat de Barcelona -  Casino de Barcelo"]
[Site "Barcelona"]
[Date "2012.10.30"]
[Round "8"]
[White "Oms Pallisse, Josep"]
[Black "Aroshidze, Levan"]
[Result "1/2-1/2"]
[WhiteElo "2506"]
[BlackElo "2560"]
[PlyCount "68"]
[EventDate "2012.10.23"]
[EventRounds "9"]
[EventCountry "ESP"]

1. Nf3 c5 2. c4 Nf6 3. Nc3 b6 4. g3 Bb7 5. Bg2 e6 6. O-O a6 7. d4 cxd4 8. Qxd4
d6 9. Rd1 Be7 10. Bg5 Nbd7 11. Nd2 Bxg2 12. Kxg2 O-O 13. Nde4 Qc7 14. Rac1 Rfd8
15. f3 h6 16. Be3 Ne8 17. Bf4 Ndf6 18. Qd3 Nxe4 19. Nxe4 Qb7 20. g4 b5 21. b3
d5 22. cxd5 Rxd5 23. Qb1 Rxd1 24. Rxd1 Nf6 25. Nxf6+ Bxf6 26. Rc1 Rc8 27. Rxc8+
Qxc8 28. Qd3 Qc6 {]} 29. Bd2 Be7 {6} 30. Be1 Qc1 {2} 31. Bf2 {[%clk 0:09.50]}
Qc6 32. Be1 Qc1 33. Bf2 Qc6 34. Be1 Qc1 1/2-1/2

[Event "Ciutat de Barcelona -  Casino de Barcelo"]
[Site "Barcelona"]
[Date "2012.10.30"]
[Round "8"]
[White "Nielsen, Peter Heine"]
[Black "Sjugirov, Sanan"]
[Result "1/2-1/2"]
[WhiteElo "2662"]
[BlackElo "2624"]
[PlyCount "80"]
[EventDate "2012.10.23"]
[EventRounds "9"]
[EventCountry "ESP"]

1. d4 {0} Nf6 {0} 2. c4 {0} g6 3. Nf3 Bg7 4. Nc3 O-O 5. g3 d6 6. Bg2 Nc6 7. O-O
Rb8 8. h3 a6 9. e4 b5 10. e5 dxe5 11. dxe5 Qxd1 12. Rxd1 Nd7 13. e6 fxe6 14.
cxb5 axb5 15. Bf4 b4 16. Na4 Nb6 17. Nxb6 Rxb6 18. Bxc7 Rb7 19. Bf4 Bxb2 20.
Rab1 Bc3 21. Bh6 Bg7 22. Bxg7 Kxg7 23. Ng5 Rb6 24. Rbc1 h6 25. Rxc6 Rxc6 26.
Bxc6 hxg5 27. Rd4 Rf5 28. Rxb4 Rc5 29. Be4 Ra5 30. Rb8 Ba6 31. Ra8 Rxa2 32. f3
Bc4 33. Rxa2 Bxa2 34. Kf2 Kf6 35. Ke3 Bc4 36. g4 Bf1 37. Kf2 Bc4 38. Ke3 Bf1
39. Kf2 Bc4 40. Ke3 Bb5 1/2-1/2

[Event "Ciutat de Barcelona -  Casino de Barcelo"]
[Site "Barcelona"]
[Date "2012.10.30"]
[Round "8"]
[White "Sokolov, Ivan"]
[Black "Alonso Rosell, Alvar"]
[Result "1-0"]
[WhiteElo "2690"]
[BlackElo "2540"]
[PlyCount "83"]
[EventDate "2012.10.23"]
[EventRounds "9"]
[EventCountry "ESP"]

1. d4 d5 2. Nf3 Nf6 3. c4 c6 4. Nc3 e6 5. g3 Nbd7 6. Qd3 b6 7. cxd5 cxd5 8. Bg2
Be7 9. Bf4 O-O 10. O-O Bb7 11. Nb5 Ne8 12. h4 a6 13. Nc3 h6 14. Rac1 Nef6 15.
a4 Rc8 16. Rc2 Rc6 17. Rfc1 {9} Qa8 18. Nd2 {3} Nh5 19. Be3 {7} Nhf6 20. Bh3 {]
} Rd8 21. Bf4 {6} Nh5 22. Nf3 {2} Nhf6 23. Qe3 {]} Ne4 {[%clk 0:00.43]} 24. Nd2
Nxc3 25. bxc3 b5 26. Nb3 Nb6 27. axb5 axb5 28. Ra1 Na4 29. Nc1 Qc8 30. Nd3 Rxc3
31. Rxc3 Nxc3 32. Be5 b4 33. g4 Ba6 34. g5 hxg5 35. hxg5 Re8 36. g6 Bxd3 37.
gxf7+ Kxf7 38. exd3 Bf6 39. Bg4 Re7 40. Bh5+ Kg8 41. Bg6 Bxe5 42. dxe5 1-0

[Event "Ciutat de Barcelona -  Casino de Barcelo"]
[Site "Barcelona"]
[Date "2012.10.30"]
[Round "8"]
[White "Fluvia Poyatos, Joan"]
[Black "Quesada Perez, Yuniesky"]
[Result "0-1"]
[WhiteElo "2490"]
[BlackElo "2604"]
[PlyCount "52"]
[EventDate "2012.10.23"]
[EventRounds "9"]
[EventCountry "ESP"]

1. e4 {4} e5 {4} 2. Nf3 {4} Nc6 3. Bb5 Nf6 4. O-O Nxe4 5. d4 Nd6 6. Bxc6 dxc6
7. dxe5 Nf5 8. Qxd8+ Kxd8 9. Nc3 Bd7 10. Rd1 Kc8 11. h3 b6 12. g4 Ne7 13. Ng5
Be8 14. f4 h5 15. f5 hxg4 16. hxg4 Rh4 17. Kf2 Rxg4 18. Rh1 Nxf5 19. Rh8 Bc5+
20. Kf3 Rg3+ 21. Ke4 {0} Kb7 {0} 22. Bf4 {0} Bd7 {0} 23. Nxf7 {0} Rxh8 24. Nxh8
Rg4 25. Ne2 g5 26. Nf7 Ng3+ 0-1

[Event "Ciutat de Barcelona -  Casino de Barcelo"]
[Site "Barcelona"]
[Date "2012.10.31"]
[Round "9"]
[White "Quesada Perez, Yuniesky"]
[Black "Munoz Pantoja, Miguel"]
[Result "1/2-1/2"]
[WhiteElo "2604"]
[BlackElo "2460"]
[PlyCount "72"]
[EventDate "2012.10.23"]
[EventRounds "9"]
[EventCountry "ESP"]

1. e4 c5 2. Nf3 Nc6 3. Bb5 g6 4. Bxc6 dxc6 5. d3 Bg7 6. h3 b6 7. Nc3 Nf6 8. Be3
Nd7 9. O-O e5 10. Qd2 h6 11. Nh2 Nf8 12. f4 exf4 13. Bxf4 Ne6 14. Be3 Nd4 15.
Nf3 Be6 16. Bf4 g5 17. Bg3 O-O 18. Nxd4 cxd4 19. Nd1 f5 20. exf5 Bxf5 21. Nf2
Qd5 22. b3 Rae8 23. Rae1 Qc5 24. Rxe8 Rxe8 25. Ng4 Re6 26. Re1 Rxe1+ 27. Qxe1
Bxg4 28. hxg4 Qxc2 29. Qe6+ Kh7 30. Qe4+ Kg8 31. Qe6+ Kh7 32. Qe4+ Kh8 33. Qe8+
Kh7 34. Qe4+ Kh8 35. Qe8+ Kh7 36. Qe4+ Kh8 1/2-1/2

[Event "Ciutat de Barcelona -  Casino de Barcelo"]
[Site "Barcelona"]
[Date "2012.10.31"]
[Round "9"]
[White "Alonso Rosell, Alvar"]
[Black "Fluvia Poyatos, Joan"]
[Result "1/2-1/2"]
[WhiteElo "2540"]
[BlackElo "2490"]
[PlyCount "80"]
[EventDate "2012.10.23"]
[EventRounds "9"]
[EventCountry "ESP"]

1. d4 Nf6 2. c4 e6 3. Nf3 b6 4. Nc3 Bb7 5. a3 d5 6. cxd5 Nxd5 7. e3 Be7 8. Bb5+
c6 9. Bd3 O-O 10. O-O c5 11. Qe2 Nc6 12. Rd1 Nxc3 13. bxc3 Qc7 14. Bb2 Bf6 15.
dxc5 bxc5 16. c4 Qe7 17. Rab1 Rab8 18. Bxf6 Qxf6 19. Rb5 {[%clk 0:42]} Ne5 20.
Nxe5 Qxe5 21. Rdb1 Bc6 22. f4 Qd6 23. Rxb8 Rxb8 24. Rxb8+ Qxb8 25. Qc2 f5 26.
Qb1 Qxb1+ 27. Bxb1 Kf7 28. Kf2 h6 29. h4 h5 30. g3 g6 31. Ke2 Ke7 32. Kd2 Kd6
33. Kc3 Ba4 34. Bc2 Bxc2 35. Kxc2 Kc6 36. Kb3 Kb6 37. a4 a5 38. Kc3 Kc6 39. Kb3
Kb6 40. Kc3 Kc6 1/2-1/2

[Event "Ciutat de Barcelona -  Casino de Barcelo"]
[Site "Barcelona"]
[Date "2012.10.31"]
[Round "9"]
[White "Sjugirov, Sanan"]
[Black "Sokolov, Ivan"]
[Result "1/2-1/2"]
[WhiteElo "2624"]
[BlackElo "2690"]
[PlyCount "83"]
[EventDate "2012.10.23"]
[EventRounds "9"]
[EventCountry "ESP"]

1. d4 Nf6 2. c4 e6 3. g3 d5 4. Nf3 Bb4+ 5. Bd2 Bd6 6. Bg2 Nc6 7. O-O dxc4 8.
Qa4 O-O 9. Qxc4 e5 10. dxe5 Nxe5 11. Nxe5 Bxe5 12. Bc3 Qe7 13. Bxe5 Qxe5 14.
Nc3 c6 15. Rad1 a5 16. Qd4 Qxd4 17. Rxd4 Be6 18. Rfd1 Rfe8 19. h3 Re7 20. e4
Rd7 21. f4 Rad8 22. Rxd7 Rxd7 23. Rxd7 Nxd7 24. Kf2 f6 25. Ke3 Kf8 26. Bf1 Ke7
27. a3 b5 28. h4 Kd6 29. b4 axb4 30. axb4 Nb8 31. e5+ fxe5 32. Ne4+ Ke7 33. Nc5
exf4+ 34. Kxf4 Nd7 35. Nxd7 Kxd7 36. Ke5 Bg4 37. Bd3 h6 38. Be4 Bd1 39. Bf5+
Kc7 40. Be4 Bh5 41. Bg2 Bg4 42. Ke4 1/2-1/2